Statistics for Every David Bowie song that hit the Billboard hot 100

Click here to take the quiz!

General Stats

  • This quiz has been taken 110 times
  • The average score is 12 of 28

Answer Stats

Peak Chart PositionYearSong% Correct
11983Let's Dance
84%
151973Space Oddity
81%
101983China Girl
81%
11975Fame
65%
651972Starman
65%
141983Modern Love
63%
641974Rebel Rebel
59%
411975Changes
59%
281975Young Americans
53%
402016Lazarus
53%
782016Blackstar
53%
101976Golden Years
49%
291982Under Pressure
47%
701981Fashion
47%
81984Blue Jean
42%
691977Sound And Vision
37%
71985Dancing In The Street
35%
661997I'm Afraid Of Americans
34%
671982Cat People (Putting Out Fire)
29%
271987Never Let Me Down
27%
711972The Jean Genie
24%
531986Absolute Beginners
24%
531984Tonight
24%
321985This Is Not America
22%
211987Day-In Day-Out
19%
641976TVC15
19%
731984Without You
6%
921995The Hearts Filthy Lesson
5%

Score Distribution

Percentile by Number Answered

Percent of People with Each Score

Your Score History

You have not taken this quiz